[Event "European Online Club-ch-E 2021"]
[Site "Online"]
[Date "2021.03.27"]
[Round "8.18"]
[White "Arman, Deniz"]
[Black "Moreno Trujillo, Alejandro"]
[Result "1-0"]
[WhiteElo "2336"]
[BlackElo "2483"]
[Annotator "ChessBase"]
[PlyCount "51"]
[EventDate "2021.03.27"]
[EventType "team-tourn"]
[EventCountry "NET"]
[SourceTitle "playchess.com"]
[Source "ChessBase"]
[SourceQuality "1"]
[TimeControl "900+5"]

1. e4 {[%emt 0:00:00]} e6 {[%emt 0:00:06]} 2. d4 {[%emt 0:00:03]} d5 {[%emt 0:00:02]} 3. Nc3 {[%emt 0:00:01]} Nf6 {[%emt 0:00:04]} 4. Bg5 {[%emt 0:00:04]} dxe4 {[%emt 0:00:09]} 5. Nxe4 {[%emt 0:00:03]} Be7 {[%emt 0:00:02]} 6. Bxf6 {[%emt 0:00:17]} gxf6 {[%emt 0:00:02]} 7. Nf3 {[%emt 0:00:04]} b6 {[%emt 0:00:16]} 8. Bb5+ {[%emt 0:01:02]} c6 {[%emt 0:00:04]} 9. Bd3 {[%emt 0:01:12]} Bb7 {[%emt 0:00:08]} 10. Qe2 {[%emt 0:00:02]} Qc7 {[%emt 0:00:12]} 11. O-O-O {[%emt 0:00:24]} a6 {[%emt 0:00:22]} 12. Kb1 {[%emt 0:00:53]} Nd7 {[%emt 0:00:03]} 13. Rhe1 {[%emt 0:01:23]} b5 {[%emt 0:00:05]} 14. c4 {[%emt 0:01:15]} Nb6 {[%emt 0:00:53]} 15. Rc1 {[%emt 0:01:20]} b4 {[%emt 0:00:12]} 16. d5 {[%emt 0:01:52]} exd5 {[%emt 0:05:04]} 17. Nxf6+ {[%emt 0:00:28]} Kf8 {[%emt 0:00:24]} 18. Nxh7+ {[%emt 0:00:11]} Rxh7 {[%emt 0:00:02]} 19. Bxh7 {[%emt 0:00:03]} Nxc4 {[%emt 0:00:05]} 20. Bd3 {[%emt 0:00:12]} Nb6 {[%emt 0:00:24]} 21. Ne5 {[%emt 0:00:38]} Bf6 {[%emt 0:00:20]} 22. Qh5 {[%emt 0:00:27]} Re8 {[%emt 0:01:50]} 23. f4 {[%emt 0:00:28]} c5 {[%emt 0:00:23]} 24. Qh6+ {[%emt 0:00:30]} Bg7 {[%emt 0:00:11]} 25. Qxb6 {[%emt 0:00:03]} Bxe5 {[%emt 0:00:05]} 26. Qh6+ {[%emt 0:01:11]} 1-0

[Event "European Online Club-ch-E 2021"]
[Site "Online"]
[Date "2021.03.27"]
[Round "8.19"]
[White "Garrido Dominguez, Jesus"]
[Black "Cederstam Barsk, Carl"]
[Result "1-0"]
[WhiteElo "2413"]
[BlackElo "2366"]
[Annotator "NA"]
[PlyCount "103"]
[EventDate "2021.03.27"]
[EventType "team-tourn"]
[EventCountry "NET"]
[SourceTitle "playchess.com"]
[Source "ChessBase"]
[SourceQuality "1"]
[TimeControl "900+5"]

1. e4 {[%emt 0:00:00]} c6 {[%emt 0:00:04]} 2. d4 {[%emt 0:00:06]} d5 {[%emt 0:00:02]} 3. exd5 {[%emt 0:00:02]} cxd5 {[%emt 0:00:03]} 4. Bd3 {[%emt 0:00:01]} Nc6 {[%emt 0:00:04]} 5. c3 {[%emt 0:00:03]} Qc7 {[%emt 0:00:05]} 6. h3 {[%emt 0:00:04]} g6 {[%emt 0:00:05]} 7. Nf3 {[%emt 0:00:01]} Nf6 {[%emt 0:00:19]} 8. Na3 {[%emt 0:00:04]} a6 {[%emt 0:00:53]} 9. Nc2 {[%emt 0:00:03]} Bf5 {[%emt 0:00:09]} 10. Bg5 {[%emt 0:00:06]} Bxd3 {[%emt 0:00:18]} 11. Qxd3 {[%emt 0:00:03]} Ne4 {[%emt 0:00:04]} 12. Be3 {[%emt 0:00:05]} Bg7 {[%emt 0:00:18]} 13. O-O {[%emt 0:00:02]} O-O {[%emt 0:00:03]} 14. Rae1 {[%emt 0:00:02]} e6 {[%emt 0:02:10]} 15. Nd2 {[%emt 0:00:35]} Nd6 {[%emt 0:00:26]} 16. Bf4 {[%emt 0:00:11]} Qd7 {[%emt 0:00:37]} 17. Ne3 {[%emt 0:02:34]} Rad8 {[%emt 0:02:20]} 18. Nb3 {[%emt 0:00:21]} a5 {[%emt 0:01:46]} 19. Nc5 {[%emt 0:01:10]} Qc8 {[%emt 0:00:05]} 20. Bxd6 {[%emt 0:00:02]} Rxd6 {[%emt 0:00:03]} 21. Qb5 {[%emt 0:00:02]} Bxd4 {[%emt 0:04:43]} 22. Nxb7 {[%emt 0:03:21]} Rd7 {[%emt 0:00:03]} 23. Nxa5 {[%emt 0:00:05]} Bxe3 {[%emt 0:00:54]} 24. Nxc6 {[%emt 0:01:20]} Rb7 {[%emt 0:00:32]} 25. Rxe3 {[%emt 0:01:16]} Rxb5 {[%emt 0:00:02]} 26. Ne7+ {[%emt 0:00:02]} Kg7 {[%emt 0:00:01]} 27. Nxc8 {[%emt 0:00:01]} Rxc8 {[%emt 0:00:01]} 28. Re2 {[%emt 0:00:02]} Ra8 {[%emt 0:00:13]} 29. Ra1 {[%emt 0:00:09]} Rba5 {[%emt 0:00:14]} 30. a3 {[%emt 0:00:09]} Rb5 {[%emt 0:00:20]} 31. Kf1 {[%emt 0:00:09]} Rb3 {[%emt 0:00:06]} 32. Ke1 {[%emt 0:00:04]} Rab8 {[%emt 0:00:02]} 33. Ra2 {[%emt 0:00:04]} e5 {[%emt 0:00:13]} 34. Kd1 {[%emt 0:00:38]} d4 {[%emt 0:00:11]} 35. cxd4 {[%emt 0:00:20]} exd4 {[%emt 0:00:01]} 36. a4 {[%emt 0:00:03]} Ra8 {[%emt 0:00:16]} 37. Re5 {[%emt 0:00:56]} Kf6 {[%emt 0:00:06]} 38. Rd5 {[%emt 0:00:08]} Rb4 {[%emt 0:00:03]} 39. a5 {[%emt 0:00:04]} Ke6 {[%emt 0:00:02]} 40. Rc5 {[%emt 0:00:03]} Kd6 {[%emt 0:00:02]} 41. Rc1 {[%emt 0:00:02]} Rb5 {[%emt 0:00:05]} 42. a6 {[%emt 0:00:01]} Rb6 {[%emt 0:00:03]} 43. a7 {[%emt 0:00:02]} Rb7 {[%emt 0:00:04]} 44. Rca1 {[%emt 0:00:02]} Kd5 {[%emt 0:00:04]} 45. Kd2 {[%emt 0:00:03]} Kc4 {[%emt 0:00:05]} 46. Ra4+ {[%emt 0:00:05]} Kb3 {[%emt 0:00:03]} 47. R1a2 {[%emt 0:00:11]} Rd7 {[%emt 0:00:19]} 48. Kd3 {[%emt 0:00:06]} f5 {[%emt 0:00:01]} 49. Ra6 {[%emt 0:00:09]} g5 {[%emt 0:00:12]} 50. R2a5 {[%emt 0:00:05]} Rb7 {[%emt 0:00:06]} 51. Rxf5 {[%emt 0:00:11]} Kxb2 {[%emt 0:00:04]} 52. Rxg5 {[%emt 0:00:09]} 1-0

[Event "European Online Club-ch-E 2021"]
[Site "Online"]
[Date "2021.03.27"]
[Round "9.5"]
[White "Sirosh, Ilja"]
[Black "Chatalbashev, Boris"]
[Result "1/2-1/2"]
[WhiteElo "2400"]
[BlackElo "2530"]
[Annotator "ChessBase"]
[PlyCount "133"]
[EventDate "2021.03.27"]
[EventType "team-tourn"]
[EventCountry "NET"]
[SourceTitle "playchess.com"]
[Source "ChessBase"]
[SourceQuality "1"]
[TimeControl "900+5"]

1. d4 {[%emt 0:00:00]} Nf6 {[%emt 0:00:05]} 2. c4 {[%emt 0:00:02]} c5 {[%emt 0:00:08]} 3. d5 {[%emt 0:00:03]} g6 {[%emt 0:00:01]} 4. Nc3 {[%emt 0:00:03]} Bg7 {[%emt 0:00:02]} 5. e4 {[%emt 0:00:01]} d6 {[%emt 0:00:01]} 6. Bd3 {[%emt 0:00:03]} O-O {[%emt 0:00:03]} 7. h3 {[%emt 0:00:03]} e6 {[%emt 0:00:02]} 8. Nf3 {[%emt 0:00:03]} Na6 {[%emt 0:00:02]} 9. O-O {[%emt 0:00:20]} Nc7 {[%emt 0:00:02]} 10. Rb1 {[%emt 0:00:55]} exd5 {[%emt 0:00:13]} 11. exd5 {[%emt 0:00:04]} b5 {[%emt 0:00:03]} 12. Nxb5 {[%emt 0:00:16]} Nxb5 {[%emt 0:00:07]} 13. cxb5 {[%emt 0:00:02]} Bb7 {[%emt 0:00:12]} 14. Bc4 {[%emt 0:00:11]} a6 {[%emt 0:00:27]} 15. bxa6 {[%emt 0:01:28]} Bxa6 {[%emt 0:00:08]} 16. Qc2 {[%emt 0:01:50]} Bxc4 {[%emt 0:00:20]} 17. Qxc4 {[%emt 0:00:04]} Qa5 {[%emt 0:00:29]} 18. a3 {[%emt 0:00:24]} Rfe8 {[%emt 0:00:07]} 19. Bd2 {[%emt 0:00:16]} Qa6 {[%emt 0:00:32]} 20. Qxa6 {[%emt 0:02:52]} Rxa6 {[%emt 0:00:04]} 21. Bc3 {[%emt 0:00:38]} Nxd5 {[%emt 0:00:18]} 22. Bxg7 {[%emt 0:00:01]} Kxg7 {[%emt 0:00:02]} 23. Rfd1 {[%emt 0:00:01]} Nf4 {[%emt 0:00:26]} 24. Rd2 {[%emt 0:00:24]} c4 {[%emt 0:00:53]} 25. Kf1 {[%emt 0:03:00]} Nd3 {[%emt 0:02:05]} 26. Ne1 {[%emt 0:00:16]} Nc5 {[%emt 0:01:58]} 27. Rc2 {[%emt 0:00:29]} Nb3 {[%emt 0:02:34]} 28. Rd1 {[%emt 0:00:11]} Rc8 {[%emt 0:00:15]} 29. Nf3 {[%emt 0:00:10]} Rb6 {[%emt 0:00:16]} 30. Nd2 {[%emt 0:00:33]} Nxd2+ {[%emt 0:00:29]} 31. Rcxd2 {[%emt 0:00:02]} Rcc6 {[%emt 0:00:11]} 32. Rc1 {[%emt 0:00:09]} Rb3 {[%emt 0:00:10]} 33. Rcd1 {[%emt 0:01:14]} Rbb6 {[%emt 0:01:10]} 34. Rc1 {[%emt 0:00:02]} Kf6 {[%emt 0:00:26]} 35. Rd4 {[%emt 0:01:04]} Rxb2 {[%emt 0:00:08]} 36. Rcxc4 {[%emt 0:00:02]} Rxc4 {[%emt 0:00:11]} 37. Rxc4 {[%emt 0:00:00]} Ra2 {[%emt 0:00:06]} 38. Ra4 {[%emt 0:00:31]} Ke6 {[%emt 0:00:13]} 39. Ra5 {[%emt 0:00:13]} h5 {[%emt 0:00:12]} 40. h4 {[%emt 0:00:06]} d5 {[%emt 0:00:09]} 41. g3 {[%emt 0:00:01]} d4 {[%emt 0:00:09]} 42. Kg2 {[%emt 0:00:14]} Re2 {[%emt 0:01:46]} 43. Kf3 {[%emt 0:00:06]} Re1 {[%emt 0:00:02]} 44. Ra8 {[%emt 0:00:04]} Kd5 {[%emt 0:00:10]} 45. Rd8+ {[%emt 0:00:03]} Kc4 {[%emt 0:00:02]} 46. Rc8+ {[%emt 0:00:02]} Kb3 {[%emt 0:00:05]} 47. Rd8 {[%emt 0:00:02]} Kc3 {[%emt 0:00:02]} 48. Rc8+ {[%emt 0:00:06]} Kd2 {[%emt 0:00:03]} 49. Rc7 {[%emt 0:00:02]} d3 {[%emt 0:00:07]} 50. Rxf7 {[%emt 0:00:03]} Kd1 {[%emt 0:00:27]} 51. Rf6 {[%emt 0:00:19]} d2 {[%emt 0:00:02]} 52. Rxg6 {[%emt 0:00:01]} Re8 {[%emt 0:00:20]} 53. Rd6 {[%emt 0:00:10]} Ke1 {[%emt 0:00:03]} 54. g4 {[%emt 0:00:05]} hxg4+ {[%emt 0:00:36]} 55. Kxg4 {[%emt 0:00:02]} d1=Q+ {[%emt 0:00:03]} 56. Rxd1+ {[%emt 0:00:02]} Kxd1 {[%emt 0:00:01]} 57. h5 {[%emt 0:00:06]} Ke2 {[%emt 0:00:03]} 58. h6 {[%emt 0:00:03]} Kxf2 {[%emt 0:00:21]} 59. Kg5 {[%emt 0:00:01]} Kf3 {[%emt 0:00:06]} 60. h7 {[%emt 0:00:02]} Ke4 {[%emt 0:00:02]} 61. Kg6 {[%emt 0:00:02]} Kd5 {[%emt 0:00:02]} 62. Kf7 {[%emt 0:00:01]} Ra8 {[%emt 0:00:05]} 63. Kg7 {[%emt 0:00:02]} Ra7+ {[%emt 0:00:01]} 64. Kg6 {[%emt 0:00:03]} Ra8 {[%emt 0:00:02]} 65. Kg7 {[%emt 0:00:02]} Ra7+ {[%emt 0:00:01]} 66. Kg6 {[%emt 0:00:01]} Ra8 {[%emt 0:00:02]} 67. Kg7 {[%emt 0:00:01]} 1/2-1/2

[Event "European Online Club-ch-E 2021"]
[Site "Online"]
[Date "2021.03.27"]
[Round "9.6"]
[White "Moreno Trujillo, Alejandro"]
[Black "Chukavin, Kirill"]
[Result "1-0"]
[WhiteElo "2483"]
[BlackElo "2384"]
[Annotator "ChessBase"]
[PlyCount "47"]
[EventDate "2021.03.27"]
[EventType "team-tourn"]
[EventCountry "NET"]
[SourceTitle "playchess.com"]
[Source "ChessBase"]
[SourceQuality "1"]
[TimeControl "900+5"]

1. d4 {[%emt 0:00:00]} Nf6 {[%emt 0:00:03]} 2. c4 {[%emt 0:00:04]} e6 {[%emt 0:00:01]} 3. g3 {[%emt 0:00:03]} d5 {[%emt 0:00:03]} 4. Bg2 {[%emt 0:00:04]} dxc4 {[%emt 0:00:23]} 5. Nf3 {[%emt 0:00:04]} Bd7 {[%emt 0:00:04]} 6. Ne5 {[%emt 0:00:04]} Bc6 {[%emt 0:00:01]} 7. Nxc6 {[%emt 0:00:02]} Nxc6 {[%emt 0:00:01]} 8. e3 {[%emt 0:00:02]} Qd7 {[%emt 0:00:08]} 9. O-O {[%emt 0:00:05]} O-O-O {[%emt 0:00:06]} 10. Nd2 {[%emt 0:00:27]} e5 {[%emt 0:00:05]} 11. Nxc4 {[%emt 0:00:39]} exd4 {[%emt 0:00:05]} 12. Qb3 {[%emt 0:00:09]} Nd5 {[%emt 0:01:15]} 13. Bd2 {[%emt 0:00:30]} Bc5 {[%emt 0:00:16]} 14. Rac1 {[%emt 0:00:13]} Bb6 {[%emt 0:03:32]} 15. e4 {[%emt 0:01:36]} Nf6 {[%emt 0:00:39]} 16. a4 {[%emt 0:00:02]} Bc5 {[%emt 0:03:23]} 17. Na5 {[%emt 0:01:57]} Nxa5 {[%emt 0:00:55]} 18. Bxa5 {[%emt 0:00:04]} b6 {[%emt 0:00:01]} 19. Bd2 {[%emt 0:00:16]} Rhe8 {[%emt 0:01:42]} 20. Qd3 {[%emt 0:00:23]} a5 {[%emt 0:01:48]} 21. Bxa5 {[%emt 0:00:44]} Qxa4 {[%emt 0:00:02]} 22. Bd2 {[%emt 0:00:31]} Kb8 {[%emt 0:01:03]} 23. b4 {[%emt 0:00:32]} Bf8 {[%emt 0:00:28]} 24. Qc4 {[%emt 0:00:43]} 1-0

[Event "European Online Club-ch-E 2021"]
[Site "Online"]
[Date "2021.03.27"]
[Round "9.7"]
[White "Valner, Uku"]
[Black "Garrido Dominguez, Jesus"]
[Result "1-0"]
[WhiteElo "2296"]
[BlackElo "2413"]
[Annotator "NA"]
[PlyCount "65"]
[EventDate "2021.03.27"]
[EventType "team-tourn"]
[EventCountry "NET"]
[SourceTitle "playchess.com"]
[Source "ChessBase"]
[SourceQuality "1"]
[TimeControl "900+5"]

1. e4 {[%emt 0:00:00]} d6 {[%emt 0:00:04]} 2. d4 {[%emt 0:00:03]} Nf6 {[%emt 0:00:02]} 3. Bd3 {[%emt 0:00:07]} e5 {[%emt 0:00:03]} 4. c3 {[%emt 0:00:08]} Nbd7 {[%emt 0:00:35]} 5. f4 {[%emt 0:00:29]} exd4 {[%emt 0:00:22]} 6. cxd4 {[%emt 0:00:03]} d5 {[%emt 0:00:02]} 7. e5 {[%emt 0:00:05]} Ne4 {[%emt 0:00:01]} 8. Nf3 {[%emt 0:00:11]} c5 {[%emt 0:00:08]} 9. Bxe4 {[%emt 0:02:25]} dxe4 {[%emt 0:00:03]} 10. Ng5 {[%emt 0:00:02]} cxd4 {[%emt 0:00:02]} 11. Qxd4 {[%emt 0:00:12]} Bc5 {[%emt 0:00:12]} 12. Qd5 {[%emt 0:01:38]} O-O {[%emt 0:00:12]} 13. Nc3 {[%emt 0:01:39]} Bb6 {[%emt 0:01:14]} 14. Nxf7 {[%emt 0:02:16]} Qe7 {[%emt 0:01:52]} 15. Nd6+ {[%emt 0:01:11]} Kh8 {[%emt 0:00:04]} 16. Ncxe4 {[%emt 0:00:12]} Qh4+ {[%emt 0:02:20]} 17. g3 {[%emt 0:00:19]} Qh5 {[%emt 0:00:02]} 18. Qd1 {[%emt 0:01:39]} Qg6 {[%emt 0:00:19]} 19. Qe2 {[%emt 0:00:36]} Nxe5 {[%emt 0:01:17]} 20. Nxc8 {[%emt 0:00:36]} Raxc8 {[%emt 0:00:15]} 21. fxe5 {[%emt 0:00:03]} Ba5+ {[%emt 0:02:25]} 22. Bd2 {[%emt 0:00:51]} Rc2 {[%emt 0:00:05]} 23. Rf1 {[%emt 0:01:15]} Rd8 {[%emt 0:01:02]} 24. Rd1 {[%emt 0:00:02]} h6 {[%emt 0:01:13]} 25. Qf3 {[%emt 0:00:35]} Rd4 {[%emt 0:00:21]} 26. Nc3 {[%emt 0:00:23]} Bxc3 {[%emt 0:00:46]} 27. bxc3 {[%emt 0:00:06]} Re4+ {[%emt 0:00:20]} 28. Kf2 {[%emt 0:00:03]} Rxe5 {[%emt 0:00:11]} 29. Kg1 {[%emt 0:00:03]} Rh5 {[%emt 0:00:24]} 30. Rf2 {[%emt 0:00:07]} Rc5 {[%emt 0:00:33]} 31. Qf8+ {[%emt 0:00:04]} Kh7 {[%emt 0:00:06]} 32. Qxc5 {[%emt 0:00:02]} Qh5 {[%emt 0:00:01]} 33. Qxh5 {[%emt 0:00:02]} 1-0

[Event "European Online Club-ch-E 2021"]
[Site "Online"]
[Date "2021.03.27"]
[Round "9.8"]
[White "Yashas, D.."]
[Black "Nestor, Kaarel"]
[Result "1/2-1/2"]
[WhiteElo "2296"]
[BlackElo "2134"]
[Annotator "NA"]
[PlyCount "114"]
[EventDate "2021.03.27"]
[EventType "team-tourn"]
[EventCountry "NET"]
[SourceTitle "playchess.com"]
[Source "ChessBase"]
[SourceQuality "1"]
[TimeControl "900+5"]

1. b3 {[%emt 0:00:00]} Nf6 {[%emt 0:00:05]} 2. Bb2 {[%emt 0:00:03]} g6 {[%emt 0:00:01]} 3. Nf3 {[%emt 0:00:38]} Bg7 {[%emt 0:00:14]} 4. g3 {[%emt 0:00:02]} b6 {[%emt 0:00:03]} 5. Bg2 {[%emt 0:00:05]} Bb7 {[%emt 0:00:01]} 6. O-O {[%emt 0:00:02]} d6 {[%emt 0:00:02]} 7. d4 {[%emt 0:00:04]} Nbd7 {[%emt 0:00:01]} 8. c4 {[%emt 0:00:02]} O-O {[%emt 0:00:10]} 9. d5 {[%emt 0:00:06]} c6 {[%emt 0:00:05]} 10. dxc6 {[%emt 0:00:20]} Bxc6 {[%emt 0:00:00]} 11. Nc3 {[%emt 0:00:06]} Qc8 {[%emt 0:00:20]} 12. Nd4 {[%emt 0:00:05]} Bxg2 {[%emt 0:00:03]} 13. Kxg2 {[%emt 0:00:02]} Qb7+ {[%emt 0:00:03]} 14. f3 {[%emt 0:00:02]} Rfd8 {[%emt 0:00:25]} 15. e4 {[%emt 0:00:03]} a6 {[%emt 0:00:02]} 16. Rc1 {[%emt 0:00:08]} Rac8 {[%emt 0:00:08]} 17. Rc2 {[%emt 0:00:03]} Ne5 {[%emt 0:00:31]} 18. Re1 {[%emt 0:00:11]} h5 {[%emt 0:00:03]} 19. Nd5 {[%emt 0:00:54]} e6 {[%emt 0:00:49]} 20. Nf4 {[%emt 0:00:29]} g5 {[%emt 0:00:38]} 21. Nfxe6 {[%emt 0:00:05]} fxe6 {[%emt 0:00:02]} 22. Nxe6 {[%emt 0:00:01]} Rd7 {[%emt 0:00:13]} 23. Nxg5 {[%emt 0:00:05]} Re8 {[%emt 0:00:23]} 24. h4 {[%emt 0:00:20]} b5 {[%emt 0:00:39]} 25. cxb5 {[%emt 0:00:30]} axb5 {[%emt 0:00:00]} 26. Rd2 {[%emt 0:00:02]} Qc6 {[%emt 0:01:01]} 27. Qa1 {[%emt 0:00:06]} Bh6 {[%emt 0:00:10]} 28. Rc1 {[%emt 0:00:06]} Qb7 {[%emt 0:00:07]} 29. Bxe5 {[%emt 0:01:17]} dxe5 {[%emt 0:00:21]} 30. Rcd1 {[%emt 0:00:02]} Rxd2+ {[%emt 0:00:35]} 31. Rxd2 {[%emt 0:00:02]} Nh7 {[%emt 0:00:02]} 32. Rd5 {[%emt 0:00:08]} Nxg5 {[%emt 0:00:43]} 33. hxg5 {[%emt 0:00:04]} Bg7 {[%emt 0:00:02]} 34. Qd1 {[%emt 0:00:34]} Rf8 {[%emt 0:00:18]} 35. Rd7 {[%emt 0:00:07]} Qa6 {[%emt 0:00:02]} 36. a4 {[%emt 0:00:50]} bxa4 {[%emt 0:00:19]} 37. bxa4 {[%emt 0:00:03]} Qg6 {[%emt 0:00:01]} 38. Qd2 {[%emt 0:00:15]} h4 {[%emt 0:00:15]} 39. gxh4 {[%emt 0:00:09]} Qh5 {[%emt 0:00:04]} 40. Qf2 {[%emt 0:01:47]} Rf4 {[%emt 0:00:04]} 41. Qg3 {[%emt 0:00:15]} Rxh4 {[%emt 0:00:21]} 42. g6 {[%emt 0:00:15]} Bf6 {[%emt 0:01:26]} 43. Rh7 {[%emt 0:02:06]} Qg5 {[%emt 0:01:03]} 44. Qxg5 {[%emt 0:01:53]} Bxg5 {[%emt 0:00:00]} 45. Rxh4 {[%emt 0:01:16]} Bxh4 {[%emt 0:00:00]} 46. a5 {[%emt 0:00:02]} Bd8 {[%emt 0:00:07]} 47. a6 {[%emt 0:00:16]} Bb6 {[%emt 0:00:02]} 48. Kg3 {[%emt 0:00:03]} Kg7 {[%emt 0:00:03]} 49. f4 {[%emt 0:00:01]} exf4+ {[%emt 0:00:05]} 50. Kxf4 {[%emt 0:00:03]} Kxg6 {[%emt 0:00:00]} 51. Ke5 {[%emt 0:00:02]} Kf7 {[%emt 0:00:02]} 52. Kd6 {[%emt 0:00:02]} Ba7 {[%emt 0:00:20]} 53. Kd7 {[%emt 0:00:08]} Kf6 {[%emt 0:00:02]} 54. Kd6 {[%emt 0:00:02]} Kf7 {[%emt 0:00:01]} 55. e5 {[%emt 0:00:04]} Ke8 {[%emt 0:00:05]} 56. Ke6 {[%emt 0:00:09]} Bg1 {[%emt 0:00:04]} 57. Kd6 {[%emt 0:00:06]} Ba7 {[%emt 0:00:01]} 1/2-1/2

[Event "European Online Club-ch-E 2021"]
[Site "Online"]
[Date "2021.03.27"]
[Round "9.9"]
[White "Dedebas, Emre Emin"]
[Black "Mikhalevski, Victor"]
[Result "0-1"]
[WhiteElo "2335"]
[BlackElo "2552"]
[Annotator "ChessBase"]
[PlyCount "32"]
[EventDate "2021.03.27"]
[EventType "team-tourn"]
[EventCountry "NET"]
[SourceTitle "playchess.com"]
[Source "ChessBase"]
[SourceQuality "1"]
[TimeControl "900+5"]

1. d4 {[%emt 0:00:00]} Nf6 {[%emt 0:00:04]} 2. Bf4 {[%emt 0:00:02]} d5 {[%emt 0:00:03]} 3. e3 {[%emt 0:00:05]} Bg4 {[%emt 0:00:04]} 4. Nf3 {[%emt 0:00:43]} e6 {[%emt 0:00:03]} 5. Nbd2 {[%emt 0:00:08]} Bd6 {[%emt 0:00:03]} 6. h3 {[%emt 0:00:21]} Bh5 {[%emt 0:00:03]} 7. Bxd6 {[%emt 0:00:48]} cxd6 {[%emt 0:00:05]} 8. c4 {[%emt 0:00:09]} O-O {[%emt 0:00:09]} 9. Be2 {[%emt 0:00:04]} Nc6 {[%emt 0:00:08]} 10. O-O {[%emt 0:00:04]} Rc8 {[%emt 0:00:11]} 11. Rc1 {[%emt 0:00:07]} dxc4 {[%emt 0:00:21]} 12. Nxc4 {[%emt 0:00:03]} b5 {[%emt 0:00:08]} 13. Ncd2 {[%emt 0:00:08]} Qb6 {[%emt 0:00:05]} 14. a3 {[%emt 0:01:26]} a6 {[%emt 0:00:47]} 15. Ne1 {[%emt 0:00:23]} Bxe2 {[%emt 0:00:18]} 16. Qxe2 {[%emt 0:00:03]} Nxd4 {[%emt 0:00:03]} 0-1

[Event "European Online Club-ch-E 2021"]
[Site "Online"]
[Date "2021.03.27"]
[Round "9.10"]
[White "Roiz, Michael"]
[Black "Angun, Batu"]
[Result "0-1"]
[WhiteElo "2579"]
[BlackElo "2326"]
[Annotator "ChessBase"]
[PlyCount "70"]
[EventDate "2021.03.27"]
[EventType "team-tourn"]
[EventCountry "NET"]
[SourceTitle "playchess.com"]
[Source "ChessBase"]
[SourceQuality "1"]
[TimeControl "900+5"]

1. d4 {[%emt 0:00:00]} Nf6 {[%emt 0:00:08]} 2. Nf3 {[%emt 0:00:02]} g6 {[%emt 0:00:09]} 3. Nc3 {[%emt 0:00:04]} d5 {[%emt 0:00:05]} 4. Bf4 {[%emt 0:00:02]} Bg7 {[%emt 0:00:05]} 5. e3 {[%emt 0:00:02]} O-O {[%emt 0:00:06]} 6. Nb5 {[%emt 0:00:07]} Na6 {[%emt 0:00:05]} 7. h3 {[%emt 0:00:02]} c5 {[%emt 0:00:10]} 8. c3 {[%emt 0:00:15]} Ne4 {[%emt 0:00:59]} 9. Be2 {[%emt 0:00:21]} Bd7 {[%emt 0:01:15]} 10. a4 {[%emt 0:00:05]} c4 {[%emt 0:00:24]} 11. O-O {[%emt 0:02:35]} Bxb5 {[%emt 0:01:16]} 12. axb5 {[%emt 0:00:01]} Nc7 {[%emt 0:00:01]} 13. Qa4 {[%emt 0:00:31]} Ne6 {[%emt 0:01:30]} 14. Bh2 {[%emt 0:00:18]} a6 {[%emt 0:00:31]} 15. bxa6 {[%emt 0:01:03]} Rxa6 {[%emt 0:00:05]} 16. Qc2 {[%emt 0:00:01]} Qa8 {[%emt 0:00:22]} 17. Rxa6 {[%emt 0:00:20]} Qxa6 {[%emt 0:00:04]} 18. Nd2 {[%emt 0:00:35]} Nxd2 {[%emt 0:01:07]} 19. Qxd2 {[%emt 0:00:01]} Ra8 {[%emt 0:00:13]} 20. Re1 {[%emt 0:01:37]} Qb5 {[%emt 0:00:40]} 21. b4 {[%emt 0:00:45]} Ra3 {[%emt 0:01:22]} 22. Qb2 {[%emt 0:01:27]} Qa4 {[%emt 0:00:48]} 23. Bf3 {[%emt 0:00:02]} Qb3 {[%emt 0:01:32]} 24. Qxb3 {[%emt 0:00:27]} cxb3 {[%emt 0:00:03]} 25. Bxd5 {[%emt 0:00:13]} Ng5 {[%emt 0:00:04]} 26. Rb1 {[%emt 0:05:13]} b2 {[%emt 0:00:11]} 27. Bc4 {[%emt 0:00:29]} Rxc3 {[%emt 0:00:36]} 28. Bf1 {[%emt 0:00:05]} Rc2 {[%emt 0:00:32]} 29. f3 {[%emt 0:00:01]} Ne6 {[%emt 0:00:15]} 30. Bg3 {[%emt 0:00:33]} Bh6 {[%emt 0:01:22]} 31. f4 {[%emt 0:00:03]} Nc7 {[%emt 0:00:03]} 32. Bd3 {[%emt 0:00:09]} Rc3 {[%emt 0:00:44]} 33. Bf1 {[%emt 0:00:09]} Rxe3 {[%emt 0:00:14]} 34. Bh4 {[%emt 0:00:02]} Rb3 {[%emt 0:00:07]} 35. Bxe7 {[%emt 0:00:02]} Bxf4 {[%emt 0:00:11]} 0-1

[Event "European Online Club-ch-E 2021"]
[Site "Online"]
[Date "2021.03.27"]
[Round "9.11"]
[White "Ozenir, Ekin Baris"]
[Black "Postny, Evgeny"]
[Result "0-1"]
[WhiteElo "2309"]
[BlackElo "2605"]
[Annotator "ChessBase"]
[PlyCount "78"]
[EventDate "2021.03.27"]
[EventType "team-tourn"]
[EventCountry "NET"]
[SourceTitle "playchess.com"]
[Source "ChessBase"]
[SourceQuality "1"]
[TimeControl "900+5"]

1. d4 {[%emt 0:00:00]} d5 {[%emt 0:00:04]} 2. c4 {[%emt 0:00:02]} c6 {[%emt 0:00:02]} 3. cxd5 {[%emt 0:00:02]} cxd5 {[%emt 0:00:02]} 4. Bf4 {[%emt 0:00:01]} Nc6 {[%emt 0:00:04]} 5. e3 {[%emt 0:00:02]} Nf6 {[%emt 0:00:04]} 6. Nc3 {[%emt 0:00:03]} a6 {[%emt 0:00:04]} 7. Bd3 {[%emt 0:00:16]} Bg4 {[%emt 0:00:03]} 8. Nge2 {[%emt 0:00:02]} e6 {[%emt 0:00:03]} 9. Rc1 {[%emt 0:00:03]} Be7 {[%emt 0:00:05]} 10. O-O {[%emt 0:01:04]} O-O {[%emt 0:00:03]} 11. Qd2 {[%emt 0:00:19]} Bh5 {[%emt 0:00:26]} 12. Bg5 {[%emt 0:01:22]} Bg6 {[%emt 0:00:13]} 13. Bxg6 {[%emt 0:00:17]} hxg6 {[%emt 0:00:02]} 14. Bxf6 {[%emt 0:00:04]} gxf6 {[%emt 0:00:06]} 15. e4 {[%emt 0:00:48]} dxe4 {[%emt 0:00:20]} 16. Nxe4 {[%emt 0:00:04]} f5 {[%emt 0:01:05]} 17. Nc5 {[%emt 0:00:44]} Bg5 {[%emt 0:00:40]} 18. f4 {[%emt 0:01:40]} Bf6 {[%emt 0:00:04]} 19. Rfd1 {[%emt 0:00:47]} Qe7 {[%emt 0:00:37]} 20. Qe3 {[%emt 0:01:32]} Rfd8 {[%emt 0:00:38]} 21. a3 {[%emt 0:01:53]} Rac8 {[%emt 0:00:27]} 22. b4 {[%emt 0:00:15]} b6 {[%emt 0:00:25]} 23. Nd3 {[%emt 0:01:20]} Nxd4 {[%emt 0:00:34]} 24. Rxc8 {[%emt 0:00:25]} Nxe2+ {[%emt 0:00:04]} 25. Qxe2 {[%emt 0:00:01]} Rxc8 {[%emt 0:00:03]} 26. Ne5 {[%emt 0:00:06]} Rd8 {[%emt 0:01:29]} 27. h3 {[%emt 0:01:22]} Rxd1+ {[%emt 0:00:56]} 28. Qxd1 {[%emt 0:00:03]} Qc7 {[%emt 0:00:13]} 29. Qf3 {[%emt 0:01:09]} Bxe5 {[%emt 0:02:32]} 30. fxe5 {[%emt 0:00:04]} Qc1+ {[%emt 0:00:05]} 31. Kh2 {[%emt 0:00:08]} Kg7 {[%emt 0:00:02]} 32. Qf2 {[%emt 0:00:35]} Qxa3 {[%emt 0:00:17]} 33. Qh4 {[%emt 0:00:52]} Qd3 {[%emt 0:01:14]} 34. Qf6+ {[%emt 0:00:12]} Kg8 {[%emt 0:00:02]} 35. Qe7 {[%emt 0:00:05]} Qd4 {[%emt 0:00:14]} 36. Qc7 {[%emt 0:00:07]} Kg7 {[%emt 0:00:24]} 37. Kh1 {[%emt 0:00:09]} Qxb4 {[%emt 0:00:08]} 38. Qd8 {[%emt 0:00:02]} Qe1+ {[%emt 0:00:02]} 39. Kh2 {[%emt 0:00:03]} Qxe5+ {[%emt 0:00:02]} 0-1